| Tag |
First Indicator |
Second Indicator |
Subfields |
| LEADER |
00000cam a22000004a 4500 |
| 001 |
in00003425035 |
| 005 |
20190405204116.0 |
| 006 |
m o d |
| 007 |
cr |||||||nn|n |
| 008 |
050609s2005 nyu o d eng d |
| 010 |
|
|
|z 2005016709
|
| 020 |
|
|
|a 9780823246793
|
| 020 |
|
|
|z 0823225062 (hardcover)
|
| 020 |
|
|
|z 9780823225064
|
| 035 |
|
|
|a (MdBmJHUP)muse9780823246793
|
| 040 |
|
|
|a MdBmJHUP
|c MdBmJHUP
|d UtOrBLW
|
| 043 |
|
|
|a n-us---
|
| 050 |
0 |
0 |
|a R154.C17
|b A3 2005
|
| 082 |
0 |
0 |
|a 362.1/092
|a B
|2 22
|
| 100 |
1 |
|
|a Cahill, Kevin M.
|
| 245 |
1 |
0 |
|a To bear witness :
|b a journey of healing and solidarity /
|c Kevin M. Cahill.
|
| 250 |
|
|
|a 1st ed.
|
| 264 |
|
1 |
|a New York :
|b Fordham University Press,
|c 2005.
|
| 300 |
|
|
|a 1 online resource (270 pages :) :
|b illustrations
|
| 336 |
|
|
|a text
|b txt
|2 rdacontent
|
| 337 |
|
|
|a computer
|b c
|2 rdamedia
|
| 338 |
|
|
|a online resource
|b cr
|2 rdacarrier
|
| 504 |
|
|
|a Includes bibliographical references (pages 220-221).
|
| 588 |
|
|
|a Description based on print version record.
|
| 500 |
|
|
|a Electronic resource.
|
| 600 |
1 |
2 |
|a Cahill, Kevin M.
|
| 600 |
1 |
0 |
|a Cahill, Kevin M.
|
| 650 |
2 |
2 |
|a International Cooperation
|z United States.
|
| 650 |
2 |
2 |
|a Altruism
|z United States.
|
| 650 |
1 |
2 |
|a Physicians
|z United States
|v Personal Narratives.
|
| 650 |
|
0 |
|a International relief.
|
| 650 |
|
0 |
|a Medical assistance, American.
|
| 650 |
|
0 |
|a Humanitarian assistance, American.
|
| 650 |
|
0 |
|a Social workers
|z United States
|v Biography.
|
| 650 |
|
0 |
|a Physicians
|z United States
|v Biography.
|
| 655 |
|
7 |
|a Electronic books.
|2 local
|
| 856 |
4 |
0 |
|u http://proxy.library.tamu.edu/login?url=http://muse.jhu.edu/books/9780823246793/
|z Connect to the full text of this electronic book
|t 0
|
| 999 |
|
|
|a MARS
|
| 999 |
f |
f |
|s 3a0a4f80-758a-3bef-9e39-923ab5884a54
|i 6adced2e-401c-31c5-8482-cd6b9fd26caf
|t 0
|
| 952 |
f |
f |
|a Texas A&M University
|b College Station
|c Electronic Resources
|d Available Online
|t 0
|e R154.C17 A3 2005
|h Library of Congress classification
|
| 998 |
f |
f |
|a R154.C17 A3 2005
|t 0
|l Available Online
|